000 00514nam a22001817a 4500
005 20251108172753.0
008 250721s2003 xx 000 0 ara d
082 1 4 _a811.9565/سمح
100 1 _aسمحان، محمد
245 1 0 _aالأبدتان : سلمى و ثورة الروح (شعر) /
264 1 _aعمان :
_bالمؤلف،
_c2003.
300 _a36ص.
650 1 7 _aالشعر العربي
650 1 7 _aالعصر الحديث
650 1 7 _aالاردن
942 _2ddc
_cBK
999 _c88087
_d88087